000 00558nam a2200181Ia 4500
003 GCL
008 140319s9999 xx 000 0 ara d
040 _aGCL /
_cGCL
082 0 4 _a375.001
_bم د
100 1 _aمحمد صابر سليم
245 1 0 _aدراسات فى المناهج وطرق التدريس /
_cمحمد صابر سليم
300 _a209 ص
490 _aالهيئة العامة للاستعلامات
_v0
650 0 4 _aطرق التدريس
650 0 4 _aالمناهج
650 0 4 _aالتعليم - مناهج
942 _2ddc
_cBK
999 _c51044
_d51044